00751nam a2200229Ii 45000010005000000030009000050080041000140200018000550400033000730410008001060840012001141000020001262450011001462640059001573000012002163360026002283370028002543380027002829400050003099990017003599520145003762803CO-ViMGA241108s9999||||xx |||||||||||||| ||und|| a9789584244826 aCO-ViMGAbspaerdacCO-ViMGA0 aspa aN MAI3d1 aMai, Jia94992810aEl don 1aBogotá, Colombia : Planeta : Editorial Destino, 2014 avolumen atextbtxt2rdacontent aunmediatedbn2rdamedia avolumebnc2rdacarrier aidficha_siabuc: 2743. -- ficha_no_siabuc:2803 c44605d44605 001040708012aMEVIGERRbMEVIGERRcLITd2006-11-27l1oN MAI3dpECA715r2025-01-15 14:06:14s2025-01-07tEj.1w2024-11-26yBKz2743 | 3787